Festval Internacional Afrocaribeño.
Sparad:
| Materialtyp: | Okänd |
|---|---|
| Språk: | Spanish |
| Publicerad: |
México :
[editor no identificado],
1997.
|
| Ämnen: | |
| Taggar: |
Lägg till en tagg
Inga taggar, Lägg till första taggen!
|
MARC
| LEADER | 000000000a22000000004500 | ||
|---|---|---|---|
| 001 | 003538 | ||
| 020 | |a 9687824131 | ||
| 041 | 0 | |a spa | |
| 082 | 0 | 4 | |a 394.269.71 |b F413f |
| 245 | 0 | 0 | |a Festval Internacional Afrocaribeño. |
| 260 | 1 | |a México : |b [editor no identificado], |c 1997. | |
| 300 | |a 108 páginas | ||
| 650 | 4 | |a FESTIVALES | |
| 650 | 4 | |a VERACRUZ (MEXICO) | |
| 650 | 4 | |a NEGROS | |
| 650 | 4 | |a COSTUMBRES Y VIDA SOCIAL | |
| 999 | |c 10049 |d 10049 | ||
| 942 | |c BK |h 394.269.71 F413f |2 z | ||



